Systém plánovania v podniku a možnosti jeho zlepšenia bakalárska práca

Saved in:
Bibliographic Details
Main Author: Otrubová, Lucia
Corporate Author: Fakulta podnikového manažmentu EU. Katedra manažmentu
Other Authors: Barátová, Veronika
Format: Book
Language:Slovak
Published: Bratislava 2012
Tags: Add Tag
No Tags, Be the first to tag this record!

MARC

LEADER 00000nbm a2200000 4500
001 0154039
005 20161109111818.4
041 0 |a slo 
044 |a SK 
245 1 0 |a Systém plánovania v podniku a možnosti jeho zlepšenia  |b bakalárska práca  |c Lucia Otrubová ; školiteľ: Veronika Barátová 
264 1 |a Bratislava  |c 2012 
300 |a 52 s. 
100 1 |a Otrubová, Lucia 
700 1 |a Barátová, Veronika 
710 2 |a Fakulta podnikového manažmentu EU. Katedra manažmentu